000
00389nam a22001337a 4500
003
SGT
020
_a
9789385054235
082
_a
200
_b
A15S
100
_a
सिंह, कृपाशंकर
245
_a
आर्य, ऋग्वेद और भारतीय सभ्यता
260
_b
किताबघर प्रकाशन
_c
2015
300
_a
640
942
_2
ddc
_c
BK
999
_c
31728
_d
31728